000 01064cam a22003494a 4500
001 5898
003 FISKH
005 20250321094736.0
008 010425s2002 dcuab j 000 0 eng
010 _a 2001002479
020 _a0792267230 (hardcover)
020 _a9780545496698
040 _aDLC
_cDLC
_dDLC
_beng
050 _aTD348 .K47
082 _a363.6
100 1 _aKerley, Barbara.
_d(1960-)
245 1 2 _aA cool drink of water /
_cby Barbara Kerley.
250 _aThis edition published in 2002
260 _aNew York :
_bScholastic,
_c2002.
300 _a31 unnumbered pages :
_bcolor illustrations ;
_c28 cm
505 _aL
520 _aDepicts people around the world collecting, chilling, and drinking water.
521 8 _a510
_bLexile estimate
521 8 _aL
_bRaz-Plus
650 0 _aWater-supply
_vJuvenile literature.
650 0 _aDrinking water
_vJuvenile literature.
650 1 _aDrinking water.
650 1 _aWater.
906 _a7
_bcbc
_corignew
_d1
_eecip
_f20
_gy-gencatlg
942 _2ddc
_cBK
_n0
999 _c5898
_d5898